000 00316 a2200109 4500
001 ART_30491
005 20260410162003.0
008 260409a
245 1 0 _aSociología de la educación
100 1 _aGonzález Fernández, Enrique
773 0 _tForo político
_g- Vol. XVII (ago. 1996)
_wREV30389
999 _c31463
_d31463